[Event "SVK-ch"]
[Site "Kaskady"]
[Date "2002.07.05"]
[Round "9"]
[White "Romanishin, Oleg M"]
[Black "Tibensky, Robert"]
[Result "1-0"]
[WhiteElo "2571"]
[BlackElo "2448"]
[Annotator "Postny,E"]
[PlyCount "41"]
[EventDate "2002.06.27"]
[EventType "tourn"]
[EventRounds "11"]
[EventCountry "SVK"]
[EventCategory "12"]
[SourceTitle "CBM 090"]
[Source "ChessBase"]
[SourceDate "2002.09.20"]
[SourceVersion "1"]
[SourceVersionDate "2002.09.20"]
[SourceQuality "1"]

1. Nf3 g6 2. d4 Bg7 3. g3 f5 4. Bg2 Nh6 $6 {A very rare continuation, which
can hardly be recommended. Normal is 4...Nf6, which leads to a Leningrad
system of Dutch defense.} 5. c4 c6 ({More logical is} 5... d6) 6. d5 (6. O-O
O-O 7. Nc3 d6 8. d5 Nf7 9. Nd4 $14 c5 $2 (9... Qb6) 10. Ne6 Bxe6 11. dxe6 Ne5
12. Bxb7 $18 {1-0 Orlov,G-Polster,W/Internet ICC 2000/EXT 2001 (29)}) 6... Nf7
7. O-O Na6 $6 $146 {Another awkward move in the opening.} (7... e5 8. dxe6 dxe6
9. Qc2 Qe7 10. Nc3 Nd7 11. e4 O-O 12. Be3 Nde5 13. exf5 gxf5 14. Nxe5 Nxe5 15.
Na4 b6 16. Rad1 $14 {1/2-1/2 Sahlender,F-Hein,A/Germany 1993/EXT 2000 (47)}) 8.
Nc3 O-O 9. e4 {This strike in the centre is the logical reply on black's
strange opening play.} e5 $6 {[%mdl 16384] Black's play in this game is
certainly not the one, that should be matched to, to say the least...} (9... d6
$6 10. exf5 Bxf5 11. Nd4 $16) (9... Bxc3 {Since the black position is
strategically bad, this risky deciasion can be considered.} 10. bxc3 fxe4 11.
Ng5 d6 12. Nxe4 Nc7 {and white has to play energetically, to maintain his
advantage.}) 10. exf5 gxf5 11. Nh4 d6 $6 {Admitting the failure of the
strategy.} ({Black could save the pawn by} 11... Qf6 12. Qh5 Nd6 {, but then
black's queenside will remain undeveloped for a long time.}) 12. dxc6 bxc6 13.
Bxc6 $18 {White has won a pawn for nothing, with the better position.} Rb8 14.
Bg2 Nc5 15. Nd5 f4 16. b4 Ne6 (16... e4 17. Bxf4 Bxa1 18. Qxa1 $18 {[%csl Rg8]}
) (16... Na6 $142) 17. Nf5 Rb7 18. Nxg7 {Eliminating the main defensive piece
in black's camp.} Nxg7 19. gxf4 {White is two pawns ahead and has a strong
attack as well.} Qh4 20. Rb1 Nh5 $2 {Black's position is certainly hopeless,
but this move puts an end to black's suffering.} {[%tqu "En","How white can
finish the game immediatly?","","","d1h5","",5,"d1h5","",0]} 21. Qxh5 $1 (21.
Qxh5 Qxh5 22. Nf6+ {[%cal Rf6g8,Rf6h5]}) 1-0

[Event "Vandoeuvre op 11th"]
[Site "Vandoeuvre"]
[Date "2014.12.27"]
[Round "4"]
[White "Savina, Anastasia"]
[Black "Narciso Dublan, Marc"]
[Result "1-0"]
[WhiteElo "2397"]
[BlackElo "2515"]
[Annotator "RR"]
[PlyCount "73"]
[EventDate "2014.12.26"]
[EventType "swiss"]
[EventRounds "9"]
[EventCountry "FRA"]
[SourceTitle "EXT 2017"]
[Source "ChessBase"]
[SourceDate "2016.10.25"]
[SourceVersion "1"]
[SourceVersionDate "2016.10.25"]
[SourceQuality "1"]

1. d4 {01h30} f5 2. g3 Nf6 3. Bg2 e6 4. Nh3 d5 5. O-O Bd6 6. c4 O-O 7. b3 dxc4
(7... c6 {La grande ligne et l'abandon du centre par dc4 peut difficilement
permettre aux Noirs d'égaliser} 8. Bf4) 8. bxc4 c5 9. Ba3 {73} Nc6 {70} 10.
Bxc5 Bxc5 11. dxc5 Qa5 12. Nf4 {66} Rd8 $146 {64} (12... Qxc5 13. Nd2 e5 14.
Nd5 e4 15. Rc1 Nxd5 16. Nxe4 $1 {Avrukh,B (2657)-Rechlis,G (2456) ISR-chT 0809
2008 (3) 1-0}) 13. Qc1 Qxc5 14. Nd2 {65} Bd7 {61} 15. Rb1 {59} b6 {51} 16. Nb3
{Les pièces Blanches ne sont pas très bien placées à l'aile-dame} Qe7 17.
c5 {50} b5 $5 {31 Jouée après une longue réflexion pour tenter de valoriser
la majorité et laisser les pièces Blanches de l'aile-dame en manque
d'activité} (17... e5 18. Nd5 Nxd5 19. Bxd5+ Kh8 20. Rd1 Rac8 21. cxb6 axb6
22. Qe3 $14 {[%csl Rb6]}) (17... Rac8 $1 {[%cal Gc8c1] Peut-être un peu
meilleur pour tenter de profiter de la mauvaise position de la Qc1} 18. cxb6 (
18. Qa3 $5 {[%cal Ga3e7,Ga3a7] Semble un peu douteux car malgré le clouage,
la Qa3 est un peu hors-jeu.} e5 19. Nd5 Nxd5 20. Bxd5+ Kh8) 18... Ne5) 18. Rd1
Rac8 $132 (18... e5 $2 19. Nd5 Nxd5 20. Bxd5+ Kh8 21. Na5) (18... a5 19. Nd4)
19. Qa3 e5 20. Nd5 Nxd5 21. Bxd5+ Be6 22. Bxe6+ (22. Bxc6 Rxc6 23. Rxd8+ Qxd8
24. Qxa7 $13 {[%csl Rg1][%cal Gf5f4,Ge6h3,Gd8d5,Gd5g2] Gagne un P mais les
Noirs menacent une attaque sur cases Blanches à l'aile-roi par f4 Bh3 et Qd5})
22... Qxe6 23. Qa6 {21} Nd4 {22} 24. Qxe6+ Nxe6 25. Rxd8+ {21} Rxd8 {22} 26.
Na5 (26. Kg2 a5 27. Kf3 a4 28. Na5) 26... a6 27. Nc6 Rd2 $36 {[%csl Ra2,Gd2,
Re2]} 28. Rc1 {09 La R est derrière le P passé mais ce dernier n'est pas
trop dangereux car les Noirs ont le temps de prendre au moins un P en 07ème
rangée tout en gardant l'option de sacrifier le N} Rxa2 {03} 29. e3 Kf8 30.
Nxe5 b4 31. c6 Nc7 (31... b3 32. c7 (32. Rb1 b2 33. Kg2 a5 34. Nc4 (34. Kf3 a4
35. Ke2 a3) 34... a4 35. Nxb2) 32... Nxc7 33. Rxc7 b2) 32. Kg2 Ke7 33. Rd1 Ke6
$6 {un coup naturel mais imprécis} (33... Rc2 34. Rd7+ Ke6 35. Nd3 Rxc6 36.
Rxg7 (36. Nxb4 Kxd7) 36... b3 $40) 34. Nd3 Nd5 35. Nc5+ {La partie a basculé}
Kd6 36. Rxd5+ $1 Kxc6 37. Nd3 {Suite illsible mais les Blancs étaient
gagnants et le gain a été obtenu au 51ème coup} 1-0

[Event "Hamburg-ch int"]
[Site "Hamburg"]
[Date "1999.05.27"]
[Round "6.7"]
[White "Kopylov, Michael"]
[Black "Reddmann, Hauke"]
[Result "1/2-1/2"]
[WhiteElo "2421"]
[BlackElo "2368"]
[Annotator "Reddmann,H"]
[PlyCount "104"]
[EventDate "1999.05.22"]
[EventType "swiss"]
[EventRounds "9"]
[EventCountry "GER"]
[SourceTitle "CBM 072"]
[Source "ChessBase"]
[SourceDate "1999.10.01"]
[SourceVersion "1"]
[SourceVersionDate "1999.10.01"]
[SourceQuality "1"]

1. d4 f5 2. g3 Nf6 3. Bg2 e6 4. Nf3 Nc6 5. O-O Rb8 6. c4 Bd6 7. Nc3 a6 8. b3
O-O 9. Bb2 b5 10. c5 Be7 11. d5 exd5 12. Nxd5 Kh8 13. Nxe7 Qxe7 14. Nh4 f4 15.
Qd2 fxg3 16. hxg3 Bb7 17. Nf5 Qf7 18. Rad1 Rbe8 19. e3 Qe6 20. Nd4 Qe7 21. Qc3
Ne4 22. Qc2 Nxd4 23. Rxd4 Bc6 24. b4 Qe6 25. Bc3 Ng5 26. e4 Nf3+ 27. Bxf3 Rxf3
28. Re1 Qh3 29. Rd3 Rf7 (29... Rxe4 30. Rxe4 Bxe4 31. Rxf3 Bxf3 32. Bxg7+ Kxg7
33. Qc3+ $11) 30. Rde3 Re6 31. f4 Rxf4 32. Qh2 (32. gxf4 $2 Rg6+ $19) 32... Qg4
(32... Qxh2+ 33. Kxh2 Rfxe4) 33. Qe2 Qg6 34. Rf1 Rxf1+ 35. Qxf1 h6 (35... Kg8)
36. Qf4 Bxe4 (36... Kh7 $1 37. Qxc7 $2 Rxe4) 37. Qxc7 Bc6 38. Rxe6 Qxe6 39. Qe5
Qg4 40. Qe3 Qd1+ 41. Kf2 Qc2+ 42. Qd2 Qe4 43. Qxh6+ Qh7 44. Bxg7+ Kg8 45. Qxh7+
Kxh7 46. Bb2 Kg6 47. g4 Bd5 48. a3 Kf7 49. Ke3 Bb3 50. Kf4 Ke6 51. Bh8 Bc2 52.
Kg5 Kf7 1/2-1/2

[Event "Terrassa"]
[Site "Terrassa"]
[Date "1990.??.??"]
[Round "10"]
[White "Nogueiras Santiago, Jesus"]
[Black "Spraggett, Kevin"]
[Result "1/2-1/2"]
[WhiteElo "2555"]
[BlackElo "2555"]
[Annotator "Ribli,Z"]
[PlyCount "146"]
[EventDate "1990.04.??"]
[EventType "tourn"]
[EventRounds "11"]
[EventCountry "ESP"]
[EventCategory "11"]
[SourceTitle "CBM 019"]
[Source "ChessBase"]
[SourceDate "1990.12.01"]
[SourceVersion "1"]
[SourceVersionDate "1990.12.01"]
[SourceQuality "1"]

1. d4 d6 2. Nf3 g6 3. g3 Bg7 4. Bg2 f5 5. O-O Nf6 6. Nbd2 {-> A 81} (6. d5 c6
7. Nc3 cxd5 8. Nxd5 O-O 9. Nxf6+ Bxf6 10. Bh6 Re8 11. c3 {Rashkovsky,N-Gazik,I
Kiev 1989 CBM 15}) 6... O-O 7. c3 e6 (7... Qe8 8. Re1 d5 9. Ne5 g5 10. Qb3 e6
11. f3 Nc6 12. Nd3 $14 {Geller-Knezevic Kislovodsk 1968}) 8. Re1 d5 9. Ne5 Nbd7
10. Nd3 Re8 11. Nf3 Ne4 12. Be3 b6 13. Qc1 Bb7 14. Bf4 c5 15. Qe3 Rc8 16. h4
Nef6 17. Bh3 Qe7 18. Bh6 Qf8 19. Bxg7 Qxg7 20. Rac1 h6 21. Kh2 Kh7 22. Rg1 Ba6
23. Nf4 Ng4+ 24. Bxg4 fxg4 25. Ne5 Nxe5 26. dxe5 Qf7 27. Rcf1 Rcd8 28. f3 Qf5
29. fxg4 Qxg4 30. Rf3 Rf8 31. Rgf1 Rf5 32. R1f2 g5 33. hxg5 Rxg5 34. Ng2 Rdg8
35. Rf7+ R8g7 36. Rxg7+ Kxg7 37. Nh4 d4 38. cxd4 cxd4 39. Qa3 $1 d3 40. Qe7+
Kh8 41. Rf8+ Rg8 42. Qf6+ Kh7 43. Rxg8 Qxg8 44. exd3 Bxd3 45. Qe7+ Kh8 46. Qxa7
Qd8 47. Qf7 Qd5 48. Qf8+ Kh7 49. Qf7+ Kh8 50. Qf4 Kh7 51. b3 b5 52. Qf7+ Kh8
53. Qe8+ Kh7 54. Qe7+ Kh8 55. Qd6 Qe4 56. Qf8+ Kh7 57. Qe7+ Kh8 58. Qe8+ Kg7
59. Qd7+ Kh8 60. Qe8+ Kg7 61. Qe7+ Kh8 62. Qf8+ Kh7 63. Qf7+ Kh8 64. Qf6+ Kh7
65. a4 bxa4 66. Qf7+ Kh8 67. Qf8+ Kh7 68. Qf7+ Kh8 69. bxa4 Qe2+ 70. Kh3 Bf5+
$1 71. Nxf5 Qf1+ $1 72. Kg4 Qd1+ 73. Kf4 Qxa4+ {Ribli} 1/2-1/2

[Event "Biel-B"]
[Site "Biel"]
[Date "1990.??.??"]
[Round "7"]
[White "D'Amore, Carlo"]
[Black "Spraggett, Kevin"]
[Result "0-1"]
[WhiteElo "2425"]
[BlackElo "2540"]
[Annotator "Ribli,Z"]
[PlyCount "66"]
[EventDate "1990.07.??"]
[EventType "tourn"]
[EventRounds "11"]
[EventCountry "SUI"]
[EventCategory "10"]
[SourceTitle "CBM 019"]
[Source "ChessBase"]
[SourceDate "1990.12.01"]
[SourceVersion "1"]
[SourceVersionDate "1990.12.01"]
[SourceQuality "1"]

1. Nf3 d6 2. d4 g6 3. g3 Bg7 4. Bg2 f5 5. c3 {-> A 81} Nf6 6. Qb3 c6 7. O-O e6
8. Nbd2 O-O 9. Qc2 Nbd7 10. e4 d5 11. exd5 (11. e5 Ne4) 11... exd5 12. c4 Re8
13. b3 Nf8 14. cxd5 $6 (14. Bb2) 14... cxd5 15. Bb2 Be6 16. Rfc1 Ne4 17. Nxe4
dxe4 18. Ne5 Bd5 19. Nc4 Ne6 20. Rd1 Rc8 21. Qd2 f4 $1 (21... Bxc4 22. bxc4
Rxc4 23. d5 Nd4) 22. Rac1 e3 $1 23. fxe3 f3 24. Bf1 Ng5 25. Qf2 Ne4 26. Qxf3
Ng5 27. Qg4 h5 28. Qe2 Nf3+ 29. Kh1 Nxd4+ 30. Qg2 Bxg2+ 31. Bxg2 b5 32. Bxd4
Bxd4 33. Rxd4 Qe7 {Ribli} 0-1

[Event "Groningen Harmonie"]
[Site "Groningen"]
[Date "2004.12.27"]
[Round "6"]
[White "Gagunashvili, Merab"]
[Black "Ernst, Sipke"]
[Result "0-1"]
[WhiteElo "2567"]
[BlackElo "2521"]
[Annotator "Roiz,M"]
[PlyCount "88"]
[EventDate "2004.12.21"]
[EventType "tourn"]
[EventRounds "9"]
[EventCountry "NED"]
[EventCategory "10"]
[SourceTitle "CBM 105"]
[Source "ChessBase"]
[SourceDate "2005.04.11"]
[SourceVersion "1"]
[SourceVersionDate "2005.04.11"]
[SourceQuality "1"]

1. d4 f5 2. g3 Nf6 3. Bg2 g6 4. c3 {That system is less popular than the main
systems after c2-c4, but quite playable even on the top level. The main idea
is preventing black from castling by occupying the diagonal a2-g8.} d6 $5 {
Black is not hurrying with a development of Bf8 and prepares a typical freeing
move e7-e5. In my opinion, that rare continuation deserves a serious attention,
as it's not clear how white can prevent black from getting a good piece play.}
({The main line is:} 4... Bg7 5. Qb3 d5 (5... c6) ({or} 5... Nc6)) 5. Qb3 Nc6 {
The most natural way of development.} ({Less logical looks:} 5... c6 6. Nd2 (6.
Nf3 $5 Qb6 7. Nbd2 $14) 6... e5 7. Nh3 Qe7 8. dxe5 dxe5 9. Qc2 Bg7 10. Nc4 O-O
11. b3 Rd8 12. Ba3 Qc7 13. Rd1 Nd5 14. O-O e4 15. Bd6 Qf7 $11 {0-1 Werner,
D-Gara,A/Budapest 2003/CBM 93 ext (42)}) 6. Nf3 ({Black doesn't face any
opening problems after:} 6. Nd2 {-see my comments to 1/2-1/2 Barkhagen,J-Van
Beers,E/ EU-chT (Men) 2003 [Roiz,M]}) 6... e5 7. dxe5 $146 {That exchange is
practically forced, as white cannot let black to seize a lot of space by e5-e4.
} (7. Nbd2 $6 e4 8. Ng5 d5 9. h4 Bg7 10. Nf1 O-O 11. Bf4 a5 12. a4 Ra6 13. Ne3
Rb6 14. Qa2 h6 15. Nh3 Be6 $15 {0-1 Nguyen Chi Minh-Prakken,G/Nancy FRA 2004/
The Week in Chess 485 (45)}) 7... dxe5 8. O-O Qe7 {Now white must play very
energetically, as black needs only few moves to complete the development by
Ra8-b8 and Bc8-e6. In that way black's position may become even better due to
his space advantage.} 9. Bg5 Bg7 $6 {In my opinion, that natural move is a
serious inaccuracy, as it allows white to break the centre by e2-e4.} ({
Better looks:} 9... h6 $1 10. Bxf6 (10. Be3 $6 Ng4 $15) 10... Qxf6 {in order
to meet} 11. e4 {with} f4 ({Less accurate would be} 11... Rb8 $6 12. exf5 gxf5
13. Re1 $36 {with some initiative of white.}) 12. Nbd2 Rb8 13. gxf4 Qxf4 $132 {
[%cal Gc8g4] with a complicated position.}) 10. Na3 ({Deserves attention also:
} 10. e4 $5 Rb8 (10... fxe4 11. Nfd2 $14) 11. Re1 Be6 12. Qa4 $14 {and white's
chances seems to preferable.}) 10... Rb8 {That move looks a bit ugly,but black
has no other way to complete the development.} (10... h6 11. Bxf6 Bxf6 12. e4
Rb8 13. exf5 gxf5 14. Nd4 $1 $36) 11. e4 {That natural move allows black to
complete the development.} ({Besides,white had a very powerful continuation:} 
11. Nd4 $1 Nxd4 (11... Nd8 12. Qa4+ Bd7 13. Qxa7 $16) (11... exd4 12. Bxc6+ Bd7
13. Bxd7+ Qxd7 14. Rad1 Ne4 15. Be3 $16) 12. cxd4 h6 (12... exd4 13. Nb5 c6 14.
Nxd4 $16) (12... e4 13. Nb5 $16 {[%csl Rc7,Re8][%cal Gg5f4]}) 13. Be3 $36 {
with a serious initiative.}) 11... Be6 12. Qb5 (12. Qa4 O-O 13. exf5 gxf5 14.
Rfe1 e4 15. Nh4 Qf7 $132) 12... a6 13. Qe2 O-O (13... fxe4 14. Nd2 $14) 14.
exf5 Bxf5 15. Rfe1 $14 {White has got a stable positional advantage due to a
weakness of Pe5.} Rbe8 16. Nc4 (16. Nh4 Bd7 17. Nc4 Qf7 $132) 16... Qe6 17.
Bxf6 {That exchange is more or less necessary if white wants to seize an
important square e4.} ({White could take the pawn:} 17. Nfxe5 Nxe5 18. Nxe5 Ng4
19. Qd2 Nxe5 20. Bd5 Kh8 21. Bxe6 Nf3+ 22. Kg2 Nxd2 23. Bxf5 Nc4 24. Be4 c6 25.
Rab1 h6 26. Bc1 Nd6 27. f3 $14 {with some winning chances in that endgame.})
17... Qxf6 18. Nfd2 b5 $5 {Black's position is quite unpleasant,as he has no
counterplay. So, he tries to activate his pieces even at cost of weakening.}
19. Ne3 e4 {That pawn becomes very vulnerable, but without that advance black
couldn't get counterplay.} 20. Nd5 $6 {All black's pieces are very active, so
he gets an excellent compensation for the pawn.} ({Better was:} 20. a4 $142 b4
21. Qxa6 (21. cxb4 Nd4 $44) 21... bxc3 22. bxc3 Qxc3 $14 {and black has to
play accurately in order to equalize.}) 20... Qf7 21. Nxe4 Ne5 $6 {Letting
white to regroup his pieces and ease the pressure over the ''e'' file.} ({
Stronger was:} 21... Re5 22. Nf4 (22. Rad1 Rfe8 23. Qd3 Rd8 $44) 22... Rfe8 23.
Qc2 Bh6 $44 {with a full compensation for a pawn. It's not easy to avoid an
unpleasant pin.}) 22. Ng5 Qd7 23. Rad1 $6 {That move is probably connected
with a blunder.} ({Correctly was:} 23. Ne3 $142 $1 Bd3 24. Qd1 $14 {and here
black has no sufficient compensation for a pawn.}) 23... Bg4 24. Qc2 $2 ({
White should take a draw after:} 24. Nf6+ Bxf6 25. Rxd7 Bxg5 {[%tqu "En",
"Please,find the only way to solve the problems of white...","","","d7d2","",
10]} 26. Rd2 $3 {An excellent ''quiet move'' while the queen is hanging!} ({
The point is that after} 26. Qxe5 Rxe5 27. Rxe5 Bxd7 28. Rxg5 Bf5 $17 {[%csl
Rg5][%cal Gh7h6] the rook is trapped! Maybe that detail vas overlooked by
young Grandmaster from Georgia.}) 26... Bxe2 27. Rdxe2 Bd2 28. Rd1 Bh6 29. Rde1
$11 {and black cannot keep an extra piece.}) 24... Bxd1 25. Rxd1 Qd8 26. h4 Kh8
$17 {White's activity doesn't compensates the material deficit.} 27. Nf4 Qf6
28. Nd5 ({Nothing changed} 28. Nh5 Qe7 ({only not} 28... Qf5 $2 29. Qxf5 Rxf5
30. Bh3 $1 {and black cannot avoid a loss of material.}) 29. Nxg7 Qxg7 $17)
28... Qd6 29. Ne4 (29. Nf4 Qb6 30. Nd5 Qa7 {-->is like in the game.}) 29... Qc6
30. Nb4 ({Now after} 30. Nf4 {black may make progress by:} Rd8 31. Ng5 Rxd1+
32. Qxd1 Qd6 $17 {decreasing white's attacking potential.}) 30... Qb6 31. Nd5
Qc6 32. Nb4 Qb6 33. Nd5 Qa7 {Ofcourse, black is not satisfied with repeating
the moves. Now white has no targets to attack...} 34. h5 {White is unable to
create any threats.} ({Maybe it was better just to wait:} 34. Nf4 {although
after} c6 $17 {[%cal Gg7h6] black may improve his position little by little.})
34... c6 35. Nf4 Bh6 $1 {It's important to push white's knight away from f4
and to free the ''f'' file.} 36. Nd6 $2 {That attempt leads to a quick
disaster, since white's pieces loose coordination.} ({White could defend much
stronger:} 36. Nd3 gxh5 (36... Nf3+ $2 37. Bxf3 Rxf3 38. Ndc5 $132 {[%cal
Gd1d6]}) 37. Nxe5 Rxe5 38. Rd6 Bg7 39. Rxc6 $17 {with some practical drawish
chances.}) 36... Re7 37. hxg6 {That allows black to exchange the key defender
of white's position.} ({But i can hardly recommend something better. For
example:} 37. Nh3 gxh5 38. Nf5 Re6 39. Nd4 Ref6 40. Re1 Ng4 41. Re2 c5 42. Nc6
Qg7 43. Re7 R6f7 $19) 37... Bxf4 38. Nf5 {A desperation!} ({More resistant was:
} 38. gxf4 {although after} Nxg6 39. f5 Nf4 40. Qd2 Nxg2 41. Kxg2 c5 $19 {
white is lost mainly due to weakness of his monarch.}) 38... Bxg3 $1 {A final
blow. Black gets a serious material advantage, so the rest is just an agony.}
39. Rd4 ({Now after} 39. Nxg3 hxg6 $19 {black is just an exchange up.}) 39...
c5 {Forcing white to remove his rook in order to get a spot f4 for the Bg3.} (
39... Bxf2+ 40. Qxf2 Nxg6 $19) 40. Rd5 Bf4 41. Nxe7 Qxe7 {So,black is just a
piece up.} 42. gxh7 Ng4 43. Qe4 Bh2+ 44. Kf1 Ne3+ ({After} 44... Ne3+ 45. Ke2
Nxd5 {white loses a rook.}) 0-1